[Event "ch-ISR 2013"]
[Site "Acre ISR"]
[Date "2013.04.09"]
[Round "4.4"]
[White "Nabaty,T"]
[Black "Roiz,M"]
[Result "1/2-1/2"]
[WhiteElo "2564"]
[BlackElo "2623"]

1.d4 Nf6 2.Bg5 e6 3.e4 h6 4.Bxf6 Qxf6 5.c3 d5 6.Nd2 c5 7.Ngf3 cxd4 8.exd5 exd5
9.Nxd4 Nc6 10.Bb5 Be7 11.O-O O-O 12.N2b3 Rd8 13.Qe2 Bd7 14.Rfe1 Bd6 15.Qf3 Qg5
16.g3 Bg4 17.Qe3 Nxd4 18.Nxd4 Bc5 19.Qxg5 hxg5 20.Nb3 Bb6 21.Re5 f6 22.Re7 Kf8
23.Rae1 Rab8 24.a4 a6 25.a5 Bxa5 26.Nxa5 axb5 27.Nxb7 Rd7 28.Rxd7 Bxd7 29.Nc5 Bf5
30.Rd1 Re8 31.Kg2 Re2 32.Rxd5 g6 33.b4 Rc2 34.h3 Rxc3 35.g4 Bc2 36.Rd8+ Ke7
37.Rd7+ Ke8 38.Rb7 Ba4 39.Rb8+ Ke7 40.Rb7+ Ke8 41.Ne4 Rc6 42.Nc5 f5 43.gxf5 gxf5
44.Rg7 Rd6 45.Rxg5 Rd4 46.Na6 Bc2 47.Rg8+ Kf7 48.Rc8 Be4+ 49.Kg3 Rd3+ 50.Kf4 Rxh3
51.Nc5 Rf3+ 52.Ke5 Rxf2 53.Nxe4 fxe4 54.Rc7+ Kf8 55.Kxe4 Rb2 56.Rb7 Rxb4+
57.Kd5 Rb3  1/2-1/2

[Event "15th Dubai Open 2013"]
[Site "Dubai UAE"]
[Date "2013.04.11"]
[Round "5.14"]
[White "Kuzubov,Y"]
[Black "Sachdev,T"]
[Result "1-0"]
[WhiteElo "2619"]
[BlackElo "2409"]

1.d4 Nf6 2.Bg5 e6 3.e4 h6 4.Bxf6 Qxf6 5.Nc3 Bb4 6.e5 Qe7 7.Bd3 c5 8.a3 Ba5
9.b4 cxb4 10.Ne4 bxa3+ 11.c3 Bc7 12.Qg4 Kf8 13.Qg3 b6 14.Ne2 Bb7 15.Nf4 Nc6
16.O-O Rd8 17.Qf3 Kg8 18.Nh5 Kf8 19.Rfe1 d6 20.Nf4 Kg8 21.Nf6+ gxf6 22.Nd5 exd5
23.exf6 Qxe1+ 24.Rxe1 Kf8 25.Qg3 Rg8 26.Qe3 Rh8 27.Bb5 Ne5 28.dxe5 dxe5 29.c4 Bd6
30.c5 bxc5 31.Qxa3 a6 32.Qa5  1-0

[Event "15th Dubai Open 2013"]
[Site "Dubai UAE"]
[Date "2013.04.13"]
[Round "7.33"]
[White "Rahman,Zia"]
[Black "Mohannad,F"]
[Result "1-0"]
[WhiteElo "2511"]
[BlackElo "2231"]

1.d4 Nf6 2.Bg5 e6 3.e4 h6 4.Bxf6 Qxf6 5.c3 d6 6.Bd3 e5 7.Ne2 Nc6 8.O-O Bd7
9.d5 Ne7 10.Qb3 b6 11.f4 exf4 12.Nxf4 Qg5 13.Bb5 O-O-O 14.Bxd7+ Rxd7 15.Qa4 c5
16.Na3 Kd8 17.Nc4 h5 18.Rae1 h4 19.e5 Nf5 20.e6 Re7 21.Qc6 Rc7 22.Qa8+ Rc8
23.Qxa7 Qe7 24.Qxb6+ Qc7 25.exf7 Qxb6 26.Nxb6  1-0

[Event "ch-POL w 2013"]
[Site "Chorzow POL"]
[Date "2013.04.14"]
[Round "2.5"]
[White "Rajlich,I"]
[Black "Iwanow,A"]
[Result "1-0"]
[WhiteElo "2406"]
[BlackElo "2209"]

1.d4 Nf6 2.Bg5 e6 3.Nd2 h6 4.Bh4 g5 5.Bg3 Bg7 6.e4 d5 7.e5 Nfd7 8.h4 c5 9.hxg5 cxd4
10.gxh6 Rxh6 11.Rxh6 Bxh6 12.Nb3 Nc6 13.f4 Qb6 14.Nf3 Qb4+ 15.Qd2 Qb6 16.Bf2 Qc7
17.Bxd4 f6 18.Bb5 Kf7 19.Bxc6 bxc6 20.Nc5 Nxc5 21.Bxc5 fxe5 22.Qf2 Bxf4 23.g3 Qa5+
24.b4 Qa3 25.Nxe5+ Kg7 26.Qxf4 Qc3+ 27.Kf2 Qxa1 28.Qf7+  1-0

[Event "15th Dubai Open 2013"]
[Site "Dubai UAE"]
[Date "2013.04.15"]
[Round "9.13"]
[White "Rahman,Zia"]
[Black "Pantsulaia,L"]
[Result "0-1"]
[WhiteElo "2511"]
[BlackElo "2556"]

1.d4 Nf6 2.Bg5 e6 3.e4 h6 4.Bxf6 Qxf6 5.c3 d6 6.Bd3 g6 7.Ne2 Bg7 8.O-O O-O
9.f4 Qe7 10.Nd2 e5 11.Nf3 Nd7 12.Qd2 a6 13.Rae1 b5 14.Ng3 Bb7 15.h4 h5 16.fxe5 dxe5
17.a4 bxa4 18.Bc4 exd4 19.cxd4 Rad8 20.Qe2 Nb6 21.Ba2 Qd6 22.Nxh5 gxh5 23.Ng5 Rd7
24.Qxh5 Qh6 25.Qg4 Re7 26.e5 Bd5 27.Bb1 Be6 28.Qg3 Rd7 29.Nh7 Rxd4 30.Be4 Rfd8
31.Kh2 Kh8 32.Ng5 Nc4 33.Rf5 Nd2 34.Qf4 Nxe4 35.Rxe4 Rxe4 36.Qxe4 Kg8 37.Rf4 Rd5
38.Nf3 Qh5 39.g4 Qg6 40.Qxa4 Bxe5 41.Nxe5 Rxe5  0-1

[Event "4th LUCOPEN 2013"]
[Site "Lille FRA"]
[Date "2013.04.15"]
[Round "3.9"]
[White "Manolache,M"]
[Black "Mousain,A"]
[Result "1-0"]
[WhiteElo "2501"]
[BlackElo "1923"]

1.d4 Nf6 2.Bg5 e6 3.e4 Be7 4.e5 Nd5 5.Bd2 d6 6.Qg4 g6 7.c4 f5 8.Qe2 Nb6 9.Nf3 d5
10.c5 N6d7 11.h4 b6 12.Ng5 Nf8 13.b4 Nc6 14.Nf3 bxc5 15.bxc5 a5 16.Qe3 h6
17.Bb5 Bd7 18.a4 Nb8 19.Nc3 c6 20.Bd3 Bc8 21.Ne2 Na6 22.Rb1 Rb8 23.Rxb8 Nxb8
24.Bc3 Qc7 25.Nf4 Kf7 26.Nd2 Bd8 27.g4 Qa7 28.Qf3 Rg8 29.gxf5 exf5 30.Nf1 Na6
31.Ne3 Nb4 32.Bb1 Rg7 33.h5 g5 34.Ng6 f4 35.Ng4 Bxg4 36.Qxg4 Kg8 37.Nxf8 Kxf8
38.Qe6 Qa6 39.Qd6+ Be7 40.Qb8+ Kf7 41.e6+ Kxe6 42.Kd2 Kf7 43.Re1 f3 44.Bf5 Rg8
45.Be6+  1-0

[Event "4th LUCOPEN 2013"]
[Site "Lille FRA"]
[Date "2013.04.15"]
[Round "4.6"]
[White "Gorovets,A"]
[Black "Vaibhav,S"]
[Result "0-1"]
[WhiteElo "2471"]
[BlackElo "2513"]

1.d4 Nf6 2.Bg5 e6 3.c3 c5 4.e3 Nc6 5.Nd2 cxd4 6.exd4 Be7 7.Bd3 Nd5 8.Bxe7 Ncxe7
9.Ne2 O-O 10.Qc2 h6 11.a3 Rb8 12.c4 Nf6 13.O-O b6 14.b4 Bb7 15.Nb3 Qc7 16.Qd2 Be4
17.Rac1 Rbc8 18.Ng3 Bxd3 19.Qxd3 Qb7 20.b5 Ng6 21.f3 a6 22.a4 axb5 23.axb5 Ra8
24.Ne4 Nxe4 25.fxe4 d6 26.Ra1 e5 27.dxe5 Nxe5 28.Qxd6 Nxc4 29.Qc6 Qxc6 30.bxc6 Rac8
31.Nd4 Rfd8 32.Nf5 Rc7 33.Rfc1 Ne5 34.Rab1 g6 35.Ne3 Rxc6 36.Rxc6 Nxc6 37.Rxb6 Nd4
38.Nd5 Kg7 39.Rb4 Ne6 40.Kf2 Ra8 41.h4 Ra2+ 42.Kf3 Nc5 43.Rc4 Nd3 44.Ke3 Ne5
45.Rc7 Rxg2 46.Kf4 Nd3+ 47.Ke3 Ne5 48.Kf4 Nd3+ 49.Ke3 Rg3+ 50.Kd4 Rf3 51.e5 Nf4
52.Ke4 Nxd5 53.Kxd5 Re3 54.Ra7 Re2 55.Rb7 Re1 56.Ra7 Rd1+ 57.Ke4 Rh1 58.Kf3 Kf8
59.Kg3 Rf1 60.Ra6 Re1 61.Kf4 h5 62.Ra8+ Kg7 63.Ra7 Rf1+ 64.Ke3 Rh1 65.Kf3 Rh3+
66.Kf2 Rxh4 67.e6 Rf4+ 68.Kg3 Rf6 69.exf7 Rxf7 70.Ra8 Kh6 71.Kh4 g5+ 72.Kg3 Kg6
73.Rg8+ Kf5 74.Ra8 Rf6 75.Ra1 Re6 76.Rf1+ Kg6 77.Rf8 Re3+ 78.Kf2 Ra3 79.Kg2 h4
80.Rb8 Kh5 81.Rb2 h3+ 82.Kh2 Kh4 83.Rb8 Ra2+ 84.Kg1 g4 85.Rb4 Ra1+ 86.Kh2 Ra2+
87.Kg1 Re2 88.Ra4 Kg3 89.Ra3+ Kf4 90.Ra8 Kf3 91.Rf8+ Kg3 92.Rf1 Re3 93.Kh1 Kh4
94.Ra1 g3 95.Rb1 Rf3 96.Rb4+ Kg5 97.Rb1 Kg4 98.Ra1 g2+ 99.Kh2 Rf1 100.Ra4+ Kf5
101.Ra5+ Ke6  0-1

[Event "7th Agzamov Memorial"]
[Site "Tashkent UZB"]
[Date "2013.04.15"]
[Round "2"]
[White "Turaev,Hal"]
[Black "Fedorchuk,S"]
[Result "0-1"]
[WhiteElo "2206"]
[BlackElo "2652"]

1.d4 Nf6 2.Bg5 e6 3.e4 h6 4.Bxf6 Qxf6 5.Nf3 d6 6.Bd3 e5 7.c3 g6 8.Nbd2 Bg7
9.h3 O-O 10.dxe5 dxe5 11.Qe2 Nd7 12.O-O Nc5 13.Bc4 a5 14.b4 Ne6 15.Bxe6 Bxe6
16.Nc4 axb4 17.cxb4 Qe7 18.a3 Bd7 19.Rfc1 Bb5 20.Qe1 Qe6 21.Nb2 Bc6 22.Nd2 Rfd8
23.a4 b5 24.a5 Rd4 25.Qe3 Bf8 26.f3 Rxb4 27.Qc3 Be8 28.Nd3 Rd4 29.Nb3 Rc4
30.Qxe5 Rxc1+ 31.Nbxc1 Qxe5 32.Nxe5 Bc5+  0-1

[Event "77th ch-BUL 2013"]
[Site "Bankya BUL"]
[Date "2013.04.20"]
[Round "5.1"]
[White "Rusev,K"]
[Black "Vutov,M"]
[Result "1-0"]
[WhiteElo "2532"]
[BlackElo "2362"]

1.d4 Nf6 2.Bg5 e6 3.e4 h6 4.Bxf6 Qxf6 5.Nc3 Bb4 6.Qd3 Nc6 7.Nf3 d6 8.Be2 O-O
9.O-O a6 10.Nd1 e5 11.c3 Ba5 12.Ne3 Ne7 13.Nc4 Bb6 14.dxe5 dxe5 15.Nfxe5 Ba7
16.Qg3 Rd8 17.Rad1 Be6 18.Ng4 Bxg4 19.Bxg4 Rxd1 20.Rxd1 Ng6 21.e5 Qc6 22.b3 Nf8
23.Bf3 Qb5 24.Bd5 Rb8 25.Kh1 Ne6 26.Rd3 Qe8 27.f4 Rd8 28.Bxe6 fxe6 29.Qf3 Rxd3
30.Qxd3 Qc6 31.Nd2 Qc5 32.Nf3 Qf2 33.h3 Qxa2 34.f5 Qxb3 35.f6 Qd5 36.Qg6 Qd7
37.fxg7 Qxg7 38.Qxe6+ Kh7 39.Qf5+ Qg6 40.Qc8 Qc6 41.Qf5+ Qg6 42.Qd7+ Qg7
43.Qd5 c6 44.Qe4+ Kh8 45.e6 Bc5 46.Nh4 Be7 47.Ng6+ Kg8 48.h4 h5 49.g4 hxg4
50.h5 a5 51.Kg2 Qf6 52.Nxe7+ Qxe7 53.h6 a4 54.h7+ Kh8 55.Qd4+  1-0

[Event "ch-LTU 2013"]
[Site "Vilnius LTU"]
[Date "2013.04.20"]
[Round "6.2"]
[White "Labeckas,K"]
[Black "Kveinys,A"]
[Result "1-0"]
[WhiteElo "2354"]
[BlackElo "2528"]

1.d4 Nf6 2.Bg5 e6 3.e3 c5 4.c3 cxd4 5.exd4 b6 6.Nf3 Bb7 7.Nbd2 Be7 8.Bd3 d6
9.O-O Nbd7 10.Re1 O-O 11.a4 a6 12.Nf1 Re8 13.Ng3 h6 14.Bd2 Bf8 15.c4 e5 16.d5 b5
17.b3 bxc4 18.bxc4 Nc5 19.Bc2 a5 20.Be3 Qc7 21.Nd2 Bc8 22.h3 g6 23.Nb1 Bg7
24.Na3 Ba6 25.Qd2 h5 26.Rab1 Rec8 27.Bh6 Ncd7 28.Bxg7 Kxg7 29.Qg5 Rh8 30.Nf5+ Kf8
31.Nh4 Qc5 32.Rb3 Rg8 33.Rf3 Ke7 34.Ree3 Qd4 35.Kh2 Rac8 36.Be4 Rcf8 37.c5 Qxc5
38.Rxf6 Nxf6 39.Rf3 Kd7 40.Qxf6 Qb4 41.Bc2 Qb6 42.Qg5 Qd8 43.Qe3 Qc7 44.Qd2 Qc5
45.g3 f5 46.Qh6 f4 47.gxf4 Be2 48.Re3 Bf1 49.Nxg6 Qxd5 50.Be4 Qd2 51.Qh7+ Kd8
52.Qe7+ Kc8 53.Qb7+ Kd8 54.Qb6+ Kd7 55.Qa7+ Kd8 56.Rb3  1-0

[Event "48th Capablanca Mem Premier"]
[Site "Havana CUB"]
[Date "2013.04.24"]
[Round "4.2"]
[White "Vigoa Apecheche,Yan"]
[Black "Perez Avendano,P"]
[Result "1/2-1/2"]
[WhiteElo "2319"]
[BlackElo "2264"]

1.d4 Nf6 2.Bg5 e6 3.Nd2 c5 4.e3 cxd4 5.exd4 Be7 6.Bd3 d6 7.Ngf3 Nbd7 8.c3 O-O
9.Qe2 b6 10.O-O-O Bb7 11.h4 Rc8 12.Bc2 Re8 13.Rh3 a6 14.Kb1 b5 15.Qd3 Nf8
16.Bxf6 Bxf6 17.Ne4 Bxe4 18.Qxe4 a5 19.g4 Be7 20.Ng5 d5 21.Qe3 Qc7 22.Qd3 Qc4
23.Qd2 b4 24.Rc1 Qa6 25.cxb4 Bxb4 26.Qd3 Qxd3 27.Rxd3 Ng6 28.h5 Nf8 29.Nf3 Re7
30.a3 Bd6 31.Ba4 Rec7 32.Rxc7 Rxc7 33.Rb3 Rc4 34.Bb5 Rc7 35.Bd3 Nd7 36.Rb5 Ra7
37.Nd2 h6 38.Kc2 Kf8 39.Kd1 Ke7 40.Nb3 Bc7 41.Nc5 Nb8 42.Ke2 Nc6 43.Ke3 f6
44.f4 e5 45.fxe5 fxe5 46.dxe5 Bxe5 47.Na4 Bd4+ 48.Kd2 Kd6 49.Nc3 Bxc3+ 50.bxc3 Ne5
51.Be2 Kc6 52.a4 Nd7 53.Ke3 Nb6 54.Kd4 Nxa4 55.Rxd5 Nb6 56.Bb5+ Kc7 57.Rf5 a4
58.Rf7+ Kb8 59.Rxa7 Kxa7 60.c4 a3 61.Kc3 Nc8 62.Kb3 Kb6 63.Kxa3 Kc5 64.Kb3 Nd6
65.Kc3 Ne4+ 66.Kd3 Nf2+ 67.Ke3 Nxg4+ 68.Kf4 Nf6 69.Kf5 Nxh5 70.Kg6 Nf4+ 71.Kxg7 h5
72.Kh6 h4 73.Bd7  1/2-1/2

[Event "Western Pacific Open 2013"]
[Site "Los Angeles USA"]
[Date "2013.04.26"]
[Round "1"]
[White "Kretchetov,A"]
[Black "Korba,Nicky"]
[Result "1-0"]
[WhiteElo "2271"]
[BlackElo "2008"]

1.d4 Nf6 2.Bg5 e6 3.e4 h6 4.Bxf6 Qxf6 5.c3 d6 6.Bd3 e5 7.Ne2 g5 8.O-O Bg7
9.Nd2 O-O 10.d5 Nd7 11.Ng3 Rd8 12.Be2 Nf8 13.Bg4 Ng6 14.Nc4 c6 15.Ne3 Ne7
16.Bxc8 Raxc8 17.Ngf5 Nxf5 18.Nxf5 Rc7 19.Qd3 cxd5 20.Qxd5 Qe6 21.Rfd1 Qxd5
22.Rxd5 Bf8 23.Rad1 Rcd7 24.c4 f6 25.c5 Kf7 26.g4 Ke6 27.cxd6 Rc8 28.R1d2 Rc4
29.f3 Rc6 30.Kg2 Ra6 31.b3 Rc6 32.h4 Rc8 33.h5 Rc6 34.Kf1 Rc8 35.Ke2 Rc6
36.Kd1 Rc8 37.Rc2 Rxc2 38.Kxc2 Kf7 39.Rc5 Ke6 40.Rc8 Bxd6 41.Nxh6 Bb4 42.Re8+ Kd6
43.Nf5+  1-0

[Event "48th Capablanca Open I 2013"]
[Site "Havana CUB"]
[Date "2013.04.27"]
[Round "6.46"]
[White "Figueredo Losada,L"]
[Black "Infante,B"]
[Result "0-1"]
[WhiteElo "2347"]
[BlackElo "2177"]

1.d4 Nf6 2.Bg5 e6 3.Nf3 d5 4.c4 c6 5.Nc3 Be7 6.e3 Nbd7 7.Qc2 O-O 8.cxd5 exd5
9.Bd3 Re8 10.h3 Nf8 11.O-O g6 12.Rab1 a5 13.a3 Ne6 14.Bh4 Ng7 15.b4 axb4
16.axb4 Bf5 17.Bxf6 Bxf6 18.Bxf5 Nxf5 19.b5 Nd6 20.bxc6 bxc6 21.Nd2 Re7 22.Ne2 Rc8
23.Nf4 Nb5 24.Qb3 Qa5 25.Qb4 Qd8 26.Ra1 Nd6 27.Nd3 Rb7 28.Qa4 Nb5 29.Rfc1 Qe8
30.Qd1 Re7 31.Kh1 h5 32.Ra6 Re6 33.Qc2 Rd6 34.Nb4 Nxd4 35.exd4 Bxd4 36.Nf3 Bf6
37.Rxc6 Rdxc6 38.Nxc6 Kg7 39.Qa4 Kh7 40.Ne1 d4 41.Nd3 Qe4 42.Qa6 Qf5 43.Qb7 Kg7
44.Kg1 Rxc6 45.Qxc6 Qxd3 46.Qc2 Qa3 47.Rd1 Qd6 48.Qc4 h4 49.Kf1 Qe5 50.Qd3 Qh2
51.Qe4 Qd6 52.Kg1 Qa3 53.Qd3 Qd6 54.Qf3 Qe5 55.Kh1 Qe6 56.Qd3 Qa2 57.Kg1 Qe6
58.Qb5 Qe4 59.Qb3 Qe5 60.Kf1 Qh2 61.Qd5 Qf4 62.Rb1 Be5 63.Ke2 Qf5 64.Rc1 Qf4
65.Rc5 Bf6 66.Rc4 Be5 67.Qf3 Qg5 68.Qb7 Qd8 69.Qe4 Bf6 70.Rc1 Qd6 71.Kf1 Qa3
72.Rd1 Qa4 73.Qf3 Qc2 74.Kg1 Qc4 75.Qg4 Qc3 76.Qe4 Qc5 77.Qd3 Qc8 78.f4 Qe6
79.Rf1 Qd6 80.Kh1 Qc7 81.Qb3 Qc3 82.Qd1 Qe3 83.Qf3 Qc3 84.Qd1 Qe3 85.Qb1 Qc3
86.Qd1 Qe3 87.Qe1 Qc3 88.Kg1 Qb3 89.Qd1 Qe3+ 90.Kh1 Qc3 91.Rf3 Qc6 92.Qd3 Qc1+
93.Rf1 Qc3 94.Qxc3 dxc3 95.Rd1 g5 96.f5 Be5 97.Kg1 Bf4  0-1

[Event "TCh-CZE Extraliga 2012-13"]
[Site "Czech Republic CZE"]
[Date "2013.04.28"]
[Round "11.6"]
[White "Brodowski,P"]
[Black "Bernasek,J"]
[Result "1/2-1/2"]
[WhiteElo "2422"]
[BlackElo "2506"]

1.d4 Nf6 2.Bg5 e6 3.e4 h6 4.Bxf6 Qxf6 5.Nc3 d6 6.Qd2 g6 7.f4 Bg7 8.Nf3 Qe7
9.g3 b6 10.O-O-O Bb7 11.h4 Nd7 12.Kb1 O-O-O 13.Bh3 Kb8 14.Rhe1 Rhe8 15.d5 exd5
16.exd5 Qf8 17.Rxe8 Qxe8 18.Re1 Qf8 19.Nd4 Bxd4 20.Qxd4 Re8 21.Rxe8+ Qxe8
22.b4 Bc8 23.Kb2 Qe7 24.Qc4 Ne5 25.fxe5 Bxh3 26.exd6 Qxd6 27.Nb5 Qe5+ 28.Ka3 Bd7
29.Qc3 Qxc3+ 30.Nxc3 c6 31.Kb3 Kc7 32.Kc4 Bf5 33.dxc6 Kxc6 34.Ne2 Be6+ 35.Kd4 Bxa2
36.c4 Bb1 37.Ke5 a5 38.Nd4+ Kd7 39.bxa5 bxa5 40.Nb3 g5 41.hxg5 hxg5 42.Kf6 Ba2
43.Nxa5 Kc7 44.Kxg5 Kb6 45.Kf6 Kxa5 46.Kxf7 Bxc4+  1/2-1/2

[Event "48th Capablanca Open II 2013"]
[Site "Havana CUB"]
[Date "2013.04.28"]
[Round "7.29"]
[White "Admiral,P"]
[Black "Blanco Milet,L"]
[Result "1-0"]
[WhiteElo "2192"]
[BlackElo "2013"]

1.d4 Nf6 2.Bg5 e6 3.Nf3 c5 4.e3 Qb6 5.Qc1 Ne4 6.Bf4 cxd4 7.exd4 Nc6 8.Bd3 Nf6
9.c3 Be7 10.Nbd2 d6 11.O-O O-O 12.Ne4 Nxe4 13.Bxe4 f5 14.Bd3 Qc7 15.Re1 Bf6
16.Bc4 Re8 17.Ng5 Bxg5 18.Bxg5 Bd7 19.Qf4 Nd8 20.Bb3 Nf7 21.Qg3 Nxg5 22.Qxg5 Kh8
23.Re3 Rad8 24.Rae1 d5 25.Bd1 Bc8 26.Qxf5 Kg8 27.Qd3 Rf8 28.Bg4 e5 29.Bxc8  1-0

[Event "TCh-SUI 2013"]
[Site "Switzerland SUI"]
[Date "2013.04.28"]
[Round "2.5"]
[White "Kuemin,S"]
[Black "Salzgeber,F"]
[Result "1/2-1/2"]
[WhiteElo "2385"]
[BlackElo "2186"]

1.d4 Nf6 2.Bg5 e6 3.Nf3 c5 4.e3 Be7 5.c4 h6 6.Bxf6 Bxf6 7.Nc3 O-O 8.Be2 d6
9.O-O cxd4 10.exd4 Nc6 11.Qd2 d5 12.c5 b6 13.Rab1 bxc5 14.dxc5 Qa5 15.b4 Nxb4
16.Nxd5 exd5 17.Rxb4 Qxc5  1/2-1/2

[Event "Nakhchivan Open A 2013"]
[Site "Nakhchivan AZE"]
[Date "2013.05.01"]
[Round "9.29"]
[White "Zeynalov,F"]
[Black "Umudova,N"]
[Result "1-0"]
[WhiteElo "2320"]
[BlackElo "2233"]

1.d4 Nf6 2.Bg5 e6 3.e4 h6 4.Bxf6 Qxf6 5.Nc3 d6 6.Qd2 c6 7.Nf3 e5 8.O-O-O Be7
9.Kb1 Nd7 10.Qe3 Nb6 11.Be2 Be6 12.d5 Bd7 13.Rhg1 Bd8 14.h4 Bc7 15.g4 g6
16.Nd2 O-O-O 17.a4 c5 18.a5 Na8 19.Nc4 Qxh4 20.b4 b6 21.bxc5 bxc5 22.Ka2 Rdg8
23.Nxe5 Qe7 24.Nxd7 Kxd7 25.Bb5+ Kd8 26.Bc6 Bxa5 27.Bxa8 Qe5 28.Nb5 g5 29.Na3 Bb4
30.Nc4 Qf6 31.Bc6 Bc3 32.Nxd6  1-0

[Event "Malahide Millenium Senior 2013"]
[Site "Malahide IRL"]
[Date "2013.05.06"]
[Round "5"]
[White "Firstov,J"]
[Black "Nikolov,Mo"]
[Result "1/2-1/2"]
[WhiteElo "2227"]
[BlackElo "2532"]

1.d4 Nf6 2.Bg5 e6 3.e3 c5 4.Nd2 Nc6 5.Ngf3 Be7 6.c3 b6 7.Bd3 O-O 8.O-O d6
9.h3 Bb7 10.Qc2 h6 11.Bf4 Rc8 12.dxc5 bxc5 13.Rfe1 Na5 14.e4 c4 15.Bf1 e5
16.Bh2 Qc7 17.b4 cxb3 18.axb3 Nc6 19.Bc4 Bd8 20.Ra2 Na5 21.Qd3 Nd7 22.Bb5 Nc5
23.Qc2 Ne6 24.Nc4 Nxc4 25.Bxc4 Qc5 26.Bg3 Bb6 27.Qe2 Rfe8 28.Rd2 a5 29.Red1 Red8
30.Ra2 Qc7 31.Nd2 Qe7 32.Kh2 Nc5 33.Qg4 Kh8 34.Bd5 Bxd5 35.exd5 Rf8 36.Qe2 Rb8
37.f3 Qb7 38.b4 axb4 39.cxb4 Nd7 40.Nc4 Bd4 41.Rxd4 exd4 42.Bxd6 Qxd5 43.Bxf8 Nxf8
44.Qe5 Qxc4 45.Qxb8 Qxa2 46.Qxf8+ Kh7 47.Qd6 Qc4 48.b5 Qxb5  1/2-1/2

[Event "ch-USA w 2013"]
[Site "Saint Louis USA"]
[Date "2013.05.07"]
[Round "5"]
[White "Belakovskaia,A"]
[Black "Ni,V"]
[Result "0-1"]
[WhiteElo "2263"]
[BlackElo "2262"]

1.d4 Nf6 2.Bg5 e6 3.Nf3 c5 4.e3 Qa5+ 5.c3 Be7 6.Nbd2 cxd4 7.exd4 d6 8.Bd3 Nbd7
9.O-O O-O 10.Qe2 Re8 11.a4 Nf8 12.Nc4 Qc7 13.Rfc1 Bd7 14.a5 Bc6 15.a6 b6
16.Na3 Nd5 17.Bd2 Ng6 18.Bxg6 hxg6 19.b4 Nf6 20.c4 Rad8 21.d5 Bd7 22.Nd4 Bf8
23.Nab5 Bxb5 24.cxb5 Qd7 25.dxe6 fxe6 26.Bg5 Qf7 27.Nc6 Rd7 28.Re1 e5 29.Qc2 Rc7
30.Qd3 Kh7 31.Rad1 Qe6 32.Re3 e4 33.Qd4 Ng4 34.Rh3+ Kg8 35.Bf4 Rf7 36.Bg3 e3
37.fxe3 Nxe3 38.Bf2 Nxd1 39.Qxd1 Qa2 40.Rf3 Rxf3 41.gxf3 Re2 42.Qd4 Be7 43.Nxe7+ Rxe7
44.Qxd6 Qe6 45.Qb8+ Kh7 46.Qf4 Rf7 47.Qh4+ Kg8 48.Qd8+ Rf8 49.Qc7 Qf7 50.Qxf7+ Kxf7
51.Bd4 Ke6 52.Kf2 Kd5 53.Bxg7 Rf7 54.Bc3 Kc4 55.Bd2 Kxb5 56.Ke3 Kxa6 57.f4 Rh7
58.Bc3 Rxh2 59.Be5 Kb5 60.Bd6 Kc4 61.Kf3 Ra2 62.Ke4 a5 63.bxa5 bxa5 64.Ke5 a4
65.Ke6 Kb3 66.Kf7 Rg2 67.Be7 a3 68.Bg5 a2 69.Kxg6 a1=Q 70.Kf5 Kc4 71.Bf6 Qb1+
72.Ke6 Qe4+ 73.Be5 Rg6+  0-1

[Event "26th Metropolitan GM"]
[Site "Los Angeles USA"]
[Date "2013.05.09"]
[Round "3"]
[White "Kretchetov,A"]
[Black "Amerkeshev,M"]
[Result "0-1"]
[WhiteElo "2271"]
[BlackElo "2191"]

1.d4 Nf6 2.Bg5 e6 3.e4 h6 4.Bxf6 Qxf6 5.c3 d6 6.Bd3 e5 7.Ne2 Nc6 8.O-O exd4
9.cxd4 Qd8 10.Nbc3 Be7 11.Rc1 a6 12.a3 O-O 13.Bb1 Re8 14.Nd5 Bf8 15.Qd3 g6
16.Rfd1 Bg7 17.Qg3 Bd7 18.f4 Rc8 19.h4 Ne7 20.Ne3 h5 21.f5 gxf5 22.exf5 Nc6
23.Nf4 Rxe3 24.Qxe3 Qxh4 25.f6 Bxf6 26.Qe4 Kf8 27.Rf1 Bf5 28.Ng6+ fxg6 29.Qxh4 Bxh4
30.Bxf5 gxf5 31.Rxf5+ Kg7 32.Rxh5 Bf6 33.d5 Bxb2 34.Rb1 Bd4+ 35.Kh1 Nd8 36.Rb4 Kg6
37.Rh3 c5 38.dxc6 Nxc6 39.Rxb7 Ne5 40.Kh2 Ng4+ 41.Kg3 Kg5 42.Kf3 Re8 43.Rb3 d5
44.Rg3 Re4 45.a4 Kf5 46.Rh3 Ne5+ 47.Kg3 Rg4+ 48.Kh2 Rg5 49.Rh7 Ng4+ 50.Kh3 Nf2+
51.Kh2 Ng4+ 52.Kh3 Ne3 53.Re7 Nxg2 54.Rf3+ Nf4+ 55.Kh2 Rh5+  0-1

[Event "Deltalift Open 2013"]
[Site "Halmstad SWE"]
[Date "2013.05.10"]
[Round "6"]
[White "Lundin,J"]
[Black "Loenn,J"]
[Result "1-0"]
[WhiteElo "2260"]
[BlackElo "1889"]

1.d4 Nf6 2.Bg5 e6 3.Nf3 h6 4.Bf4 b6 5.h3 d5 6.e3 Bd6 7.Ne5 Bb7 8.Bb5+ c6
9.Bd3 Qc7 10.Nd2 c5 11.c3 g5 12.Bg3 a6 13.O-O h5 14.f4 g4 15.Bh4 Nbd7 16.Nxd7 Nxd7
17.hxg4 hxg4 18.Qxg4 Be7 19.Bxe7 Kxe7 20.Qg5+ f6 21.Qg7+ Kd6 22.e4 dxe4 23.Nc4+ Kd5
24.Nxb6+ Kd6 25.Qxd7+ Qxd7 26.dxc5+ Kc7 27.Nxd7 exd3 28.Nxf6 Raf8 29.Ng4 Rfg8
30.Ne3 Rh3 31.Kf2 Rh4 32.Rad1 Rxf4+ 33.Kg1 Re4 34.Rf7+ Kc8 35.Rxd3 Rxe3 36.Rxe3 Bxg2
37.Kf2 Bd5 38.Rg3 Rh8 39.Ke3 Bxa2 40.Ra7 Bd5 41.Rxa6 Kb7 42.Rb6+ Kc7 43.Rg7+ Kc8
44.Kd4  1-0

[Event "Geneva WGP 2013"]
[Site "Geneva SUI"]
[Date "2013.05.11"]
[Round "8.4"]
[White "Dzagnidze,N"]
[Black "Lagno,Kateryna"]
[Result "0-1"]
[WhiteElo "2545"]
[BlackElo "2548"]

1.d4 Nf6 2.Bg5 e6 3.e3 c5 4.Nd2 b6 5.Ngf3 Bb7 6.Bd3 Be7 7.O-O Nc6 8.c3 d5
9.Ne5 Nxe5 10.dxe5 Nd7 11.Bxe7 Qxe7 12.f4 O-O-O 13.Nf3 f6 14.Bb5 fxe5 15.Bxd7+ Qxd7
16.Nxe5 Qc7 17.b4 Rd6 18.a4 a5 19.bxa5 bxa5 20.Rb1 Kb8 21.Qh5 g6 22.Nxg6 Rg8
23.Nh4 d4 24.exd4 cxd4 25.cxd4 Rd5 26.Qe2 Rxd4 27.Qxe6 Rc8 28.Nf5 Rd2 29.Ne3 Ka8
30.Rb5 Re2 31.Qe5 Qxe5 32.Rxe5 Rc3 33.Nd5 Rd2 34.Re8+ Ka7 35.Re7 Rb3 36.f5 Rxd5
37.f6 Rd2 38.Rg7 Rbb2 39.Rf3 Rd1+ 40.Rf1 Rdd2 41.Rf5 Rxg2+ 42.Rxg2 Rxg2+
43.Kf1 Rg8 44.Rxa5+ Kb6 45.Rh5 Be4 46.Rh4 Bg6 47.Kf2 Kc5 48.a5 Ra8 49.Rf4 Kd6
50.f7 Rf8 51.Kg3 Rxf7 52.Ra4 Kc5 53.h4 h5 54.a6 Kb6 55.Ra3 Ka7 56.Ra5 Rf6
57.Ra2 Rxa6 58.Rb2 Ra4 59.Rb5 Rg4+ 60.Kh3 Ka6 61.Rb8 Bf5 62.Rf8 Bd7 63.Rd8 Rg7+
64.Kh2 Kb6 65.Rh8 Bg4 66.Rf8 Rd7 67.Rb8+ Kc7 68.Rb3 Rd4 69.Ra3 Bf5 70.Ra5 Rxh4+
71.Kg3 Rg4+ 72.Kf3 Be4+ 73.Ke3 Bg6 74.Rd5 Ra4 75.Kf2 Be8 76.Kg3 h4+ 77.Kh2 Bd7
78.Rd2 Re4 79.Rd3 Kd8  0-1

[Event "Open Hradec Kralove 2013"]
[Site "Hradec Kralove CZE"]
[Date "2013.05.19"]
[Round "6"]
[White "Chudinovskikh,A"]
[Black "Sedlacek,Ja"]
[Result "1-0"]
[WhiteElo "2296"]
[BlackElo "1881"]

1.d4 Nf6 2.Bg5 e6 3.Nf3 d5 4.e3 Be7 5.c4 Nbd7 6.Nc3 c6 7.Rc1 O-O 8.Qc2 Re8
9.Bd3 dxc4 10.Bxc4 Nd5 11.Bxe7 Qxe7 12.O-O Nxc3 13.bxc3 e5 14.e4 a6 15.Rfe1 b5
16.Bb3 Rb8 17.c4 c5 18.Nxe5 Nxe5 19.dxe5 bxc4 20.Bxc4 Qxe5 21.Bd5 Be6 22.Qxc5 Rbc8
23.Qe3 Bxd5 24.exd5 Qxe3 25.fxe3 Kf8 26.Kf2 f5 27.Rc6 Rxc6 28.dxc6 Rc8 29.Rc1 Ke7
30.Kf3 Rc7 31.Kf4 Ke6 32.h4 g6 33.e4 fxe4 34.Kxe4 h6 35.Kf4 Rf7+ 36.Kg4 Kd6
37.h5 g5 38.c7 Rxc7 39.Rxc7 Kxc7 40.Kf5 Kd7 41.Kg6 Ke6 42.Kxh6  1-0

[Event "7th IBC Limburg Open"]
[Site "Limburg NED"]
[Date "2013.05.19"]
[Round "5.8"]
[White "Commercon,S"]
[Black "Shchekachev,A"]
[Result "1-0"]
[WhiteElo "2156"]
[BlackElo "2521"]

1.d4 Nf6 2.Bg5 e6 3.e4 h6 4.Bxf6 Qxf6 5.c3 b6 6.Nd2 Bb7 7.Bd3 c5 8.Ne2 cxd4
9.Nxd4 Nc6 10.Nb5 Qf4 11.Nc4 Bc5 12.Qf3 Qb8 13.b4 Be7 14.Qg3 O-O 15.O-O Bf6
16.Rac1 Qxg3 17.hxg3 Ne5 18.Nxe5 Bxe5 19.f4 a6 20.Nd4 Bf6 21.Rfd1 Rfc8 22.e5 Be7
23.Be2 Rc7 24.Bf3 Bxf3 25.gxf3 Rac8 26.Ne2 Rd8 27.Kf2 d6 28.exd6 Rxd6 29.Rxd6 Bxd6
30.Rd1 Be7 31.Ke3 f6 32.Ke4 Kf7 33.f5 exf5+ 34.Kxf5 g6+ 35.Ke4 h5 36.Rd3 Bxb4
37.cxb4 Re7+ 38.Kd4 Rxe2 39.Ra3 Rb2 40.Rxa6 Rxb4+ 41.Kd5 Rb5+ 42.Kc6 Rg5
43.Rxb6 Rxg3 44.a4 Rxf3 45.a5 g5 46.a6 Ra3 47.Kb7 h4 48.a7 Rxa7+ 49.Kxa7 h3
50.Rb7+ Kg6 51.Rb8 g4 52.Rh8 f5 53.Kb6 f4 54.Kc5 g3 55.Kd4 g2 56.Ke5 h2  1-0

[Event "Asian Continental w 2013"]
[Site "Manila PHI"]
[Date "2013.05.19"]
[Round "2.8"]
[White "Hoang Thi Bao Tram"]
[Black "Bhakti,K"]
[Result "1/2-1/2"]
[WhiteElo "2310"]
[BlackElo "2244"]

1.d4 Nf6 2.Bg5 e6 3.e4 h6 4.Bxf6 Qxf6 5.Nc3 g6 6.Nf3 Bg7 7.Be2 O-O 8.Qd2 b6
9.h4 Bb7 10.Qe3 d5 11.h5 g5 12.O-O-O dxe4 13.Nxe4 Qe7 14.Rhe1 Nd7 15.Bc4 Nf6
16.Nxf6+ Qxf6 17.c3 Rfd8 18.Rd2 Rac8 19.Red1 Qf5 20.Bb3 Qe4 21.Qxe4 Bxe4
22.Re2 Bb7 23.Ne5 Bf8 24.Red2 Kg7 25.f3 Bd6 26.Nd3 Bg3 27.Bc4 Bd5 28.Bxd5 Rxd5
29.Kc2 Rcd8 30.Nb4 R5d6 31.Nd3 Kf6 32.a4 a5 33.b3 Rg8 34.Rf1 Kf5 35.Re2 Rgd8
36.Nb2 Kf6 37.Nc4 Rd5 38.Nd2 Kg7 39.Ne4 Bd6 40.Rd1 Be7 41.Rde1 Bf8 42.g4 Bd6
43.Nxd6 R8xd6 44.Re5 Kf8 45.Kd3 Rxe5 46.Rxe5 f6 47.Rb5 c5 48.Ke4 cxd4 49.cxd4 Ke7
50.b4 axb4 51.Rxb4 Rc6 52.Rb5 Kd7 53.a5 bxa5 54.Rxa5 Rc4 55.Kd3 Rc1 56.Ra7+ Rc7
57.Ra1 Rc8 58.Ke4 Rc4 59.Ra7+ Rc7 60.Ra5 Rc4 61.Kd3 Rc1 62.d5 exd5 63.Rxd5+ Ke6
64.Ra5 Kf7 65.Ra7+ Kg8 66.Kd4 Re1 67.Ra3 Kf7 68.Ra7+ Kg8  1/2-1/2

[Event "Gligoric Cup 2013"]
[Site "Banja Koviljaca SRB"]
[Date "2013.05.23"]
[Round "4.4"]
[White "Stojanovic,Andj"]
[Black "Todorovic,GN"]
[Result "1/2-1/2"]
[WhiteElo "2282"]
[BlackElo "2389"]

1.d4 Nf6 2.Bg5 e6 3.e3 Be7 4.Bd3 c5 5.c3 cxd4 6.exd4 b6 7.Nf3 Bb7 8.Nbd2 d6
9.Bxf6 Bxf6 10.Qe2 Nd7 11.O-O-O Qc7 12.Kb1 Be7 13.Ne4 h6 14.h4 g6 15.g4 a6
16.g5 h5 17.Rhe1 b5 18.Ned2 Bd5 19.Ng1 Bb7 20.Nh3 d5 21.f4 Nb6 22.Qe5 Qxe5
23.fxe5 Kf8 24.Rf1 Kg7 25.Rf2 Nc4 26.Nxc4 dxc4 27.Bc2 Rhf8 28.Nf4 Kg8 29.Re1 Rab8
30.Be4 Rfd8 31.Bxb7 Rxb7  1/2-1/2